[Event "ENCI Limburg-open B"]
[Site "Maastricht"]
[Date "2008.05.10"]
[Round "3"]
[White "Krug, Franz Dieter"]
[Black "Bravo, Fabio"]
[Result "0-1"]
[WhiteElo "1457"]
[BlackElo "1665"]
[PlyCount "64"]
[EventDate "2008.05.09"]
[EventType "swiss"]
[EventRounds "7"]
[EventCountry "NED"]
[Source "P.Boonen"]
[SourceDate "2010.01.01"]

1. d4 Nf6 2. Nf3 g6 3. c4 Bg7 4. Nc3 O-O 5. h3 d6 6. Bf4 Nbd7 7. e3 c5 8. Bd3
Re8 9. O-O cxd4 10. exd4 e5 11. dxe5 dxe5 12. Bg5 h6 13. Bxf6 Nxf6 14. Re1 Nh5
15. Qc2 Nf4 16. Be4 a6 17. Rad1 Qc7 18. Nd5 Nxd5 19. Bxd5 Bf5 20. Qb3 Rab8 21.
Nh4 Be6 22. Bxe6 Rxe6 23. Qc2 b5 24. b3 bxc4 25. Qxc4 Qxc4 26. bxc4 Rb4 27.
Rd8+ Kh7 28. Rc1 Bf6 29. Nxg6 Kxg6 30. Rd5 Rc6 31. c5 Rd4 32. Rxd4 exd4 0-1

[Event "ENCI Limburg-open B"]
[Site "Maastricht"]
[Date "2008.05.10"]
[Round "3"]
[White "Kukhianidze, Nadia"]
[Black "Gijsen, Michelle"]
[Result "0-1"]
[WhiteElo "1248"]
[BlackElo "1580"]
[PlyCount "58"]
[EventDate "2008.05.09"]
[EventType "swiss"]
[EventRounds "7"]
[EventCountry "NED"]
[Source "P.Boonen"]
[SourceDate "2010.01.01"]

1. d4 d5 2. Nf3 Nf6 3. e3 e6 4. c4 c5 5. Nc3 Nc6 6. Be2 dxc4 7. Bxc4 cxd4 8.
exd4 Be7 9. O-O O-O 10. Re1 Nb4 11. a3 Nbd5 12. Nxd5 Nxd5 13. Bb3 b6 14. Qd3
Bf6 15. Bc2 g6 16. Bh6 Bg7 17. Bxg7 Kxg7 18. Qd2 Ba6 19. Ne5 Qd6 20. g3 Rac8
21. Be4 Rfd8 22. Bxd5 Qxd5 23. Rad1 Bb7 24. f3 f6 25. Ng4 Qxf3 26. Qe2 Qxe2 27.
Rxe2 Bf3 28. Rxe6 Bxd1 29. Re7+ Kf8 0-1

[Event "ENCI Limburg-open B"]
[Site "Maastricht"]
[Date "2008.05.10"]
[Round "3"]
[White "Kuster, Edward"]
[Black "Chappin, Rene"]
[Result "0-1"]
[WhiteElo "1365"]
[BlackElo "1700"]
[PlyCount "20"]
[EventDate "2008.05.09"]
[EventType "swiss"]
[EventRounds "7"]
[EventCountry "NED"]
[Source "P.Boonen"]
[SourceDate "2010.01.01"]

1. d4 Nf6 2. c4 e5 3. dxe5 Ng4 4. g3 Bc5 5. e3 Nxe5 6. Nf3 Nbc6 7. Nc3 d6 8.
Na4 Bb4+ 9. Bd2 Bxd2+ 10. Qxd2 Nxf3+ 0-1

[Event "ENCI Limburg-open B"]
[Site "Maastricht"]
[Date "2008.05.10"]
[Round "3"]
[White "Lenaerts, Lennert"]
[Black "Hodenius, Frans"]
[Result "0-1"]
[WhiteElo "1304"]
[BlackElo "1590"]
[PlyCount "152"]
[EventDate "2008.05.09"]
[EventType "swiss"]
[EventRounds "7"]
[EventCountry "NED"]
[Source "P.Boonen"]
[SourceDate "2010.01.01"]

1. e4 d6 2. d4 Nf6 3. Nc3 g6 4. Nf3 Bg7 5. Be2 c5 6. dxc5 Qa5 7. O-O dxc5 8.
Bd2 Qc7 9. Bb5+ Bd7 10. Bxd7+ Nbxd7 11. Qe2 O-O 12. Rad1 Ng4 13. h3 Nge5 14.
Bf4 Qc6 15. Nxe5 Nxe5 16. Nd5 Rfe8 17. Bg5 f6 18. Bf4 e6 19. Bxe5 exd5 20. exd5
Qb6 21. Qc4 Rxe5 22. b3 Qd6 23. Qf4 Rd8 24. c4 f5 25. Qg5 Bf6 26. Qd2 Rde8 27.
Rfe1 Rxe1+ 28. Rxe1 Rxe1+ 29. Qxe1 Kf7 30. Kf1 Qe5 31. Qa5 Qa1+ 32. Ke2 Qb2+
33. Kd3 Qb1+ 34. Kd2 Bg5+ 35. Ke2 Qc2+ 36. Kf1 Qd1+ 37. Qe1 Qxe1+ 38. Kxe1 Bf4
39. Ke2 Kf6 40. Kf3 Ke5 41. h4 Bd2 42. Ke2 Bh6 43. Kd3 Bf8 44. a3 Kf4 45. h5 g5
46. Kc3 Bg7+ 47. Kd3 Be5 48. b4 b6 49. bxc5 bxc5 50. a4 g4 51. h6 Kg5 52. a5 a6
53. Ke3 Kxh6 54. f4 gxf3 55. Kxf3 Kg5 56. Ke3 Kg4 57. Kf2 h5 58. Kf1 Kf4 59.
Kf2 Ke4 60. Ke2 Kd4 61. Kd2 Kxc4 62. Kc2 Kxd5 63. Kd3 Bc7 64. Kc3 Bxa5+ 65. Kb3
Kd4 66. Kc2 c4 67. g4 fxg4 68. Kc1 Kd3 69. Kd1 c3 70. Kc1 c2 71. Kb2 Kd2 72.
Kb3 c1=Q 73. Ka2 Qc4+ 74. Ka3 Qb4+ 75. Ka2 Kc2 76. Ka1 Qb2# 0-1

[Event "ENCI Limburg-open B"]
[Site "Maastricht"]
[Date "2008.05.10"]
[Round "3"]
[White "Liston, Mike"]
[Black "Andziulevicius, Kestutis"]
[Result "0-1"]
[WhiteElo "1812"]
[BlackElo "1732"]
[PlyCount "102"]
[EventDate "2008.05.09"]
[EventType "swiss"]
[EventRounds "7"]
[EventCountry "NED"]
[Source "P.Boonen"]
[SourceDate "2010.01.01"]

1. e4 c5 2. Nf3 d6 3. d4 cxd4 4. Nxd4 Nf6 5. Nc3 g6 6. Be3 Bg7 7. h3 O-O 8. Qd2
Nc6 9. O-O-O d5 10. exd5 Nxd5 11. Nxc6 bxc6 12. Nxd5 cxd5 13. Qxd5 Qc7 14. Qc4
Qb8 15. Qb5 Be6 16. Qxb8 Rfxb8 17. b3 a5 18. a4 Rc8 19. Kb1 Rab8 20. Bb5 Bf5
21. Rc1 Rc3 22. Bd2 Rxb3+ 23. Ka2 Rb2+ 24. Ka3 Bxc2 25. Bxa5 Be4 26. Bc3 Rxf2
27. Bxg7 Kxg7 28. Rhe1 f5 29. g4 Rf3+ 30. Kb4 Rxh3 31. gxf5 gxf5 32. Rc7 Kf6
33. Rd1 Bf3 34. Rdd7 Rh4+ 35. Kc5 Re4 36. Rc6+ e6 37. Rcc7 h5 38. Rf7+ Kg5 39.
Bc6 Re3 40. Kd6 Bxc6 41. Rxc6 Ra8 42. Rc4 e5 43. Kc6 Ra6+ 44. Kd5 e4 45. Ke5
Ra5+ 46. Ke6 Ra3 47. Rg7+ Kf4 48. Rh7 R3xa4 49. Rxa4 Rxa4 50. Rxh5 Ra5 51. Rh1
e3 0-1

[Event "ENCI Limburg-open B"]
[Site "Maastricht"]
[Date "2008.05.10"]
[Round "3"]
[White "Lombaers, Peter"]
[Black "Hoogland, Bauke"]
[Result "0-1"]
[WhiteElo "1663"]
[BlackElo "1838"]
[PlyCount "92"]
[EventDate "2008.05.09"]
[EventType "swiss"]
[EventRounds "7"]
[EventCountry "NED"]
[Source "P.Boonen"]
[SourceDate "2010.01.01"]

1. e4 d5 2. e5 c5 3. b4 cxb4 4. a3 Nc6 5. d4 Bf5 6. axb4 Nxb4 7. Na3 e6 8. c3
Nc6 9. h4 h5 10. Be2 Bg6 11. Nh3 f6 12. Nf4 Bf7 13. Bxh5 Bxh5 14. Nxh5 fxe5 15.
Qg4 Qd7 16. Nb5 O-O-O 17. dxe5 a6 18. Nd4 Nxe5 19. Qe2 Nc4 20. Bg5 Re8 21. O-O
Bd6 22. Rfe1 e5 23. Rad1 Nf6 24. Bxf6 exd4 25. Qf3 Rxe1+ 26. Rxe1 gxf6 27. Nxf6
Qc6 28. cxd4 Nb6 29. Qe3 Kb8 30. h5 Bh2+ 31. Kxh2 Qxf6 32. Qe5+ Qxe5+ 33. Rxe5
a5 34. g4 Kc7 35. f4 a4 36. f5 a3 37. f6 Kd6 38. Re3 Nc4 39. Re2 b5 40. f7 Rf8
41. g5 Rxf7 42. g6 Rf5 43. Kg1 Rg5+ 44. Kf1 Rxh5 45. g7 Rg5 46. Rg2 Ne3+ 0-1

[Event "ENCI Limburg-open B"]
[Site "Maastricht"]
[Date "2008.05.10"]
[Round "3"]
[White "Moers, Lennard"]
[Black "Uiterwijk, Jos"]
[Result "0-1"]
[WhiteElo "1492"]
[BlackElo "1691"]
[PlyCount "60"]
[EventDate "2008.05.09"]
[EventType "swiss"]
[EventRounds "7"]
[EventCountry "NED"]
[Source "P.Boonen"]
[SourceDate "2010.01.01"]

1. e4 c5 2. Nf3 d6 3. d4 cxd4 4. Nxd4 Nf6 5. Nc3 g6 6. f3 Bg7 7. Be3 O-O 8. Bc4
Nc6 9. O-O a6 10. a3 Qc7 11. Ba2 Bd7 12. Rc1 Rac8 13. Rf2 Rfd8 14. Rd2 Nxd4 15.
Bxd4 Bh6 16. Bxf6 exf6 17. Nd5 Qc5+ 18. Kh1 Bxd2 19. Qxd2 Kg7 20. b4 Qa7 21. c4
Be6 22. h3 Bxd5 23. cxd5 Rxc1+ 24. Qxc1 Qb8 25. Qb2 Qc7 26. Bb3 Rc8 27. Kh2 Qc3
28. Qa2 Qe5+ 29. g3 Rc3 30. Kg2 Qd4 0-1

[Event "ENCI Limburg-open B"]
[Site "Maastricht"]
[Date "2008.05.10"]
[Round "3"]
[White "Moog, Gerhard"]
[Black "Gunther, Justin"]
[Result "0-1"]
[WhiteElo "1845"]
[BlackElo "1752"]
[PlyCount "154"]
[EventDate "2008.05.09"]
[EventType "swiss"]
[EventRounds "7"]
[EventCountry "NED"]
[Source "P.Boonen"]
[SourceDate "2010.01.01"]

1. e4 c5 2. Nf3 d6 3. d4 cxd4 4. Nxd4 Nf6 5. Nc3 a6 6. Be2 e5 7. Nb3 Be7 8. O-O
O-O 9. Be3 Be6 10. f3 Qc7 11. Na4 Nbd7 12. Nc3 Rac8 13. Rc1 b5 14. Nd5 Bxd5 15.
exd5 Nb6 16. Bxb6 Qxb6+ 17. Kh1 Nd7 18. c4 Bg5 19. Rc3 Nc5 20. Nxc5 Rxc5 21. b3
f5 22. g3 Bf6 23. Rc2 Rfc8 24. Bd3 g6 25. Qe2 b4 26. g4 f4 27. Be4 Qc7 28. Qd3
Qg7 29. Rg1 Bg5 30. Rcg2 a5 31. Qd2 Qe7 32. Qe1 Bh4 33. Qd2 Bg5 34. Qf2 Bh4 35.
Qc2 Bg5 36. Bf5 Rd8 37. Be6+ Kg7 38. Re2 Ra8 39. Qd2 h6 40. Re4 Bf6 41. Rge1
Bh4 42. R1e2 Qb7 43. Qb2 Bf6 44. Re1 a4 45. Rb1 a3 46. Qf2 Rh8 47. Kg2 Qe7 48.
Rh1 g5 49. Qd2 Qb7 50. Bf5 Qb6 51. Qd3 Qb8 52. Qd2 Kf7 53. Bd7 Ke7 54. Bb5 h5
55. Qxb4 hxg4 56. fxg4 Rh4 57. h3 Qc8 58. Kf3 Qh8 59. Kg2 f3+ 60. Kg3 f2 61.
Kxf2 Rxh3 62. Rxh3 Qxh3 63. Qd2 Qh2+ 64. Ke3 Qg3+ 65. Ke2 Rc8 66. Kd1 Qf3+ 67.
Qe2 Qc3 68. Qd2 Qa1+ 69. Ke2 Rh8 70. Kd3 Qb1+ 71. Kc3 Qxe4 72. Kb4 Qd4 73. Qxd4
exd4 74. c5 dxc5+ 75. Kxc5 Rc8+ 76. Kb4 Rb8 77. Kc4 Rxb5 0-1

[Event "ENCI Limburg-open B"]
[Site "Maastricht"]
[Date "2008.05.10"]
[Round "3"]
[White "Nissel, Andreas"]
[Black "Hendrikse, Arnoud"]
[Result "1-0"]
[WhiteElo "1677"]
[BlackElo "1444"]
[PlyCount "63"]
[EventDate "2008.05.09"]
[EventType "swiss"]
[EventRounds "7"]
[EventCountry "NED"]
[Source "P.Boonen"]
[SourceDate "2010.01.01"]

1. d4 d5 2. Nc3 e6 3. e4 c5 4. exd5 exd5 5. Be3 Nc6 6. Bb5 cxd4 7. Qxd4 a6 8.
Ba4 b5 9. Qxd5 Qxd5 10. Nxd5 Bd6 11. Bb3 Na5 12. Ne2 Nxb3 13. axb3 Bb7 14. Rd1
Rd8 15. c4 Bxd5 16. Rxd5 Ne7 17. Rd1 O-O 18. O-O Nf5 19. Bb6 Rb8 20. c5 Rfe8
21. Nc3 Be5 22. Rd5 Nd4 23. b4 Nc6 24. Rfd1 Nxb4 25. Rd7 Nc6 26. Nd5 Bxb2 27.
Bc7 Rb7 28. Rd6 Nb8 29. c6 Rxc7 30. Nxc7 Rf8 31. Nd5 Be5 32. Ne7+ 1-0

[Event "ENCI Limburg-open B"]
[Site "Maastricht"]
[Date "2008.05.10"]
[Round "3"]
[White "Obels, Pepijn"]
[Black "Wissink, Sander"]
[Result "1/2-1/2"]
[WhiteElo "1728"]
[BlackElo "1894"]
[PlyCount "77"]
[EventDate "2008.05.09"]
[EventType "swiss"]
[EventRounds "7"]
[EventCountry "NED"]
[Source "P.Boonen"]
[SourceDate "2010.01.01"]

1. e4 c5 2. d4 cxd4 3. c3 Nf6 4. e5 Nd5 5. cxd4 e6 6. Nf3 d6 7. Bc4 Nb6 8. Bb3
Nc6 9. O-O Be7 10. exd6 Qxd6 11. Nc3 Nb4 12. Be3 N4d5 13. Rc1 Bd7 14. a3 Nxc3
15. Rxc3 O-O 16. Ng5 Nd5 17. Bxd5 Qxd5 18. Nf3 Rfc8 19. Qd2 Rxc3 20. Qxc3 Rc8
21. Qd2 Bf6 22. Rc1 Rxc1+ 23. Qxc1 Bc6 24. h3 a6 25. Qd2 h6 26. Ne1 Bd8 27. f3
Ba5 28. b4 Bc7 29. Bf4 Bxf4 30. Qxf4 Qc4 31. Qe3 Bb5 32. f4 Kf8 33. Nf3 Qf1+
34. Kh2 Bc6 35. f5 Bxf3 36. gxf3 exf5 37. d5 f4 38. Qc5+ Kg8 39. Qc8+ 1/2-1/2

[Event "ENCI Limburg-open B"]
[Site "Maastricht"]
[Date "2008.05.10"]
[Round "3"]
[White "Overtoom, Reinier"]
[Black "Van Herck, Raf"]
[Result "1-0"]
[WhiteElo "1672"]
[BlackElo "1415"]
[PlyCount "109"]
[EventDate "2008.05.09"]
[EventType "swiss"]
[EventRounds "7"]
[EventCountry "NED"]
[Source "P.Boonen"]
[SourceDate "2010.01.01"]

1. Nc3 d5 2. e4 dxe4 3. Nxe4 Nc6 4. Bc4 Bf5 5. Ng3 Bg6 6. Nf3 e6 7. O-O Nf6 8.
d3 Bc5 9. Be3 Bd4 10. c3 Bxe3 11. fxe3 O-O 12. e4 Na5 13. Bb3 Nxb3 14. axb3 a6
15. Ne5 c6 16. Nxg6 fxg6 17. b4 Qb6+ 18. Kh1 Rad8 19. Qe2 Qb5 20. e5 Nd7 21. d4
Qxe2 22. Nxe2 Nb6 23. Nf4 Rde8 24. b3 Nd5 25. Nxd5 cxd5 26. Kg1 Re7 27. Rxf8+
Kxf8 28. Kf2 Rf7+ 29. Ke3 Ke7 30. c4 Kd7 31. cxd5 exd5 32. Rc1 Rf8 33. Rc5 Ke6
34. b5 axb5 35. Rxb5 Rf7 36. Rb6+ Kf5 37. Rd6 Re7 38. Rxd5 h6 39. Rd8 g5 40.
Rf8+ Ke6 41. Ke4 Rd7 42. Re8+ Kf7 43. Rc8 Ke6 44. Rc5 Rf7 45. d5+ Ke7 46. Rc7+
Ke8 47. Rxf7 Kxf7 48. d6 Ke6 49. Kd4 g4 50. Ke4 g5 51. b4 h5 52. b5 b6 53. g3
h4 54. Kd4 hxg3 55. hxg3 1-0

[Event "ENCI Limburg-open B"]
[Site "Maastricht"]
[Date "2008.05.10"]
[Round "3"]
[White "Peek, Harrie"]
[Black "Ingelaere, Tijl"]
[Result "1-0"]
[WhiteElo "1722"]
[BlackElo "1150"]
[PlyCount "91"]
[EventDate "2008.05.09"]
[EventType "swiss"]
[EventRounds "7"]
[EventCountry "NED"]
[Source "P.Boonen"]
[SourceDate "2010.01.01"]

1. d4 Nf6 2. c4 g6 3. g3 Bg7 4. Bg2 O-O 5. Nf3 d6 6. O-O Nbd7 7. Qc2 c5 8. d5
Nb6 9. Bd2 Bf5 10. Qb3 Bd7 11. Ba5 Ba4 12. Qd3 Bd7 13. Nc3 e6 14. e4 a6 15.
Rab1 e5 16. b4 cxb4 17. Rxb4 Qc8 18. Bxb6 Bg4 19. Rfb1 Bxf3 20. Bxf3 Nd7 21.
Be3 b5 22. cxb5 axb5 23. Rxb5 Rb8 24. Rxb8 Nxb8 25. Nb5 Qd7 26. Qa3 Qd8 27.
Qxd6 Qxd6 28. Nxd6 Nd7 29. a4 Ra8 30. Rb7 Nf6 31. a5 Rxa5 32. Rb8+ Bf8 33. Bh6
Nd7 34. Rd8 Ra7 35. Bg4 f5 36. exf5 Ra1+ 37. Kg2 Rb1 38. f6 Rb8 39. f7+ Kh8 40.
Rxb8 Nxb8 41. Bxf8 e4 42. Be7 Nd7 43. Bxd7 h5 44. f8=Q+ Kh7 45. Bf6 g5 46. Qg7#
1-0

[Event "ENCI Limburg-open B"]
[Site "Maastricht"]
[Date "2008.05.10"]
[Round "3"]
[White "Pietz, Helmut"]
[Black "Metsemakers, Peter"]
[Result "0-1"]
[WhiteElo "1715"]
[BlackElo "1847"]
[PlyCount "78"]
[EventDate "2008.05.09"]
[EventType "swiss"]
[EventRounds "7"]
[EventCountry "NED"]
[Source "P.Boonen"]
[SourceDate "2010.01.01"]

1. Nf3 d5 2. g3 c5 3. Bg2 Nc6 4. O-O e5 5. d3 f6 6. e4 d4 7. Nh4 Be6 8. f4 Bd6
9. Nf5 Qd7 10. Nxd6+ Qxd6 11. Nd2 O-O-O 12. Nf3 g6 13. a3 h6 14. Bd2 g5 15. f5
Bf7 16. b4 c4 17. b5 Nce7 18. Bb4 Qd7 19. a4 c3 20. Qb1 h5 21. Ba5 Re8 22. Bb4
Nh6 23. Bc5 Kb8 24. a5 Ng4 25. Bh1 h4 26. gxh4 gxh4 27. h3 Ne3 28. Rf2 Rhg8+
29. Kh2 N7xf5 30. Nxe5 Rxe5 31. Bxa7+ Kxa7 32. b6+ Kb8 33. a6 Qd6 34. Bf3 Rb5+
35. Kh1 Rxb1+ 36. Rxb1 Ng3+ 37. Kg1 Nxe4+ 38. Bg4 Qg3+ 39. Kh1 Nxf2# 0-1

[Event "ENCI Limburg-open B"]
[Site "Maastricht"]
[Date "2008.05.10"]
[Round "3"]
[White "Raemakers, Karl"]
[Black "Muyrers, Cyril"]
[Result "1/2-1/2"]
[WhiteElo "1540"]
[BlackElo "1766"]
[PlyCount "81"]
[EventDate "2008.05.09"]
[EventType "swiss"]
[EventRounds "7"]
[EventCountry "NED"]
[Source "P.Boonen"]
[SourceDate "2010.01.01"]

1. e4 c5 2. Nf3 Nc6 3. c3 d5 4. exd5 Qxd5 5. c4 Qd8 6. Nc3 Nf6 7. Be2 g6 8. d3
Bg7 9. Be3 b6 10. a4 O-O 11. d4 cxd4 12. Nxd4 Nxd4 13. Bxd4 Bb7 14. f3 Qc8 15.
Qc2 Re8 16. O-O-O e5 17. Be3 e4 18. f4 Qc6 19. Rd2 a6 20. Rhd1 Bf8 21. Nd5 Nxd5
22. Rxd5 Rac8 23. f5 Qf6 24. fxg6 Bxd5 25. gxh7+ Kxh7 26. Rxd5 Re5 27. Rd1 Bh6
28. Bxh6 Qxh6+ 29. Kb1 b5 30. Qb3 bxa4 31. Qxa4 Qc6 32. Qb3 e3 33. Qc2+ Kg8 34.
Rd4 Qc5 35. Rh4 Kf8 36. Qh7 Rf5 37. Qh8+ Ke7 38. Re4+ Kd6 39. Rd4+ Kc7 40. Qg7
Qe5 41. Qg4 1/2-1/2

[Event "ENCI Limburg-open B"]
[Site "Maastricht"]
[Date "2008.05.10"]
[Round "3"]
[White "Rieksen, Koen"]
[Black "Racke, Dana"]
[Result "1-0"]
[WhiteElo "1535"]
[BlackElo "1075"]
[PlyCount "55"]
[EventDate "2008.05.09"]
[EventType "swiss"]
[EventRounds "7"]
[EventCountry "NED"]
[Source "P.Boonen"]
[SourceDate "2010.01.01"]

1. e4 c5 2. Nf3 e6 3. d4 cxd4 4. Nxd4 Nf6 5. Nc3 d6 6. Be2 Be7 7. O-O O-O 8.
Be3 a6 9. a4 Qc7 10. f4 Nc6 11. Bf3 Bd7 12. Qd2 h6 13. g3 Rad8 14. Nb3 e5 15.
Nd5 Nxd5 16. exd5 Nb8 17. Be4 Qc8 18. f5 f6 19. g4 Rf7 20. Rf3 Kh8 21. Rh3 Bf8
22. Kf2 g6 23. Bxh6 Rh7 24. fxg6 Bxg4 25. g7+ Bxg7 26. Bxg7+ Kxg7 27. Rxh7+ Kg8
28. Qh6 1-0

[Event "ENCI Limburg-open B"]
[Site "Maastricht"]
[Date "2008.05.10"]
[Round "3"]
[White "Rieksen, Richard"]
[Black "Auwens, Michel"]
[Result "1-0"]
[WhiteElo "1684"]
[BlackElo "1801"]
[PlyCount "73"]
[EventDate "2008.05.09"]
[EventType "swiss"]
[EventRounds "7"]
[EventCountry "NED"]
[Source "P.Boonen"]
[SourceDate "2010.01.01"]

1. e4 e5 2. Nf3 d6 3. d4 Nd7 4. Bc4 c6 5. Nc3 Be7 6. O-O Ngf6 7. Be3 b5 8. Bd3
O-O 9. Ne2 Qc7 10. Ng3 g6 11. Rc1 exd4 12. Nxd4 Ne5 13. h3 a6 14. f4 Ned7 15.
c4 c5 16. cxb5 axb5 17. Nxb5 Qa5 18. Nc3 Bb7 19. Kh1 Rfb8 20. b3 Bc6 21. f5 Ne5
22. fxg6 hxg6 23. Bg5 Kg7 24. Rc2 Ng8 25. Bf4 Bf6 26. Nce2 Rb7 27. Nc1 Rba7 28.
Rcf2 Qb6 29. Bxe5 Bxe5 30. Qg4 f6 31. Bc4 Bb5 32. Nh5+ Kh6 33. Nxf6 Nxf6 34.
Rxf6 Be8 35. Qh4+ Kg7 36. Rf8 g5 37. Rg8# 1-0

[Event "ENCI Limburg-open B"]
[Site "Maastricht"]
[Date "2008.05.10"]
[Round "3"]
[White "Roelofs, Eric"]
[Black "Robinson, Roland"]
[Result "0-1"]
[WhiteElo "1415"]
[BlackElo "1768"]
[PlyCount "154"]
[EventDate "2008.05.09"]
[EventType "swiss"]
[EventRounds "7"]
[EventCountry "NED"]
[Source "P.Boonen"]
[SourceDate "2010.01.01"]

1. e4 c6 2. Nc3 d5 3. exd5 cxd5 4. d4 Nc6 5. Be3 Nf6 6. f3 Bf5 7. Bd3 Bxd3 8.
Qxd3 e6 9. Nge2 Be7 10. O-O-O O-O 11. h4 a6 12. g4 b5 13. h5 Nd7 14. h6 g6 15.
f4 Nb6 16. b3 Ba3+ 17. Kb1 Be7 18. Ka1 b4 19. Nb1 a5 20. Rdg1 f5 21. gxf5 exf5
22. Ng3 Kh8 23. Rg2 Nd7 24. Qb5 Ndb8 25. Rhg1 Na7 26. Qd3 Nd7 27. Nd2 Rc8 28.
Nb1 Qc7 29. Re2 Bd6 30. Rf2 Nc6 31. Nf1 Nf6 32. Nh2 Ne7 33. Rh1 Neg8 34. Qe2
Nxh6 35. Qf3 Qf7 36. Qh3 Nfg4 37. Nxg4 Nxg4 38. Re2 Rfe8 39. Qf3 Rxe3 40. Rxe3
Nxe3 41. Qxe3 Rxc2 42. Nd2 Qe7 43. Qd3 Qc7 44. Kb1 Rc3 45. Qe2 Qe7 46. Qf2 Re3
47. Rd1 Re2 48. Qf3 Re1 49. Rxe1 Qxe1+ 50. Kc2 Qe6 51. Qg3 Qc8+ 52. Kb2 Qc3+
53. Qxc3 bxc3+ 54. Kxc3 Bxf4 55. Nf3 Kg7 56. b4 axb4+ 57. Kxb4 Kf6 58. Kc5 Ke6
59. a4 Bc7 60. Ng5+ Ke7 61. Kxd5 h6 62. Ne6 Ba5 63. Ke5 h5 64. Nf4 Bc7+ 65. Kd5
Bxf4 66. a5 Kd7 67. a6 Bb8 68. Kc5 Ba7+ 69. Kd5 h4 70. Ke5 h3 71. d5 h2 72. Kf6
h1=Q 73. Kxg6 Qxd5 74. Kg5 Ke6 75. Kf4 Qe4+ 76. Kg3 Bb8+ 77. Kh3 Qg4# 0-1

[Event "ENCI Limburg-open B"]
[Site "Maastricht"]
[Date "2008.05.10"]
[Round "3"]
[White "Roemhild, Wolfgang"]
[Black "Bok, Gidius"]
[Result "1-0"]
[WhiteElo "1734"]
[BlackElo "1519"]
[PlyCount "65"]
[EventDate "2008.05.09"]
[EventType "swiss"]
[EventRounds "7"]
[EventCountry "NED"]
[Source "P.Boonen"]
[SourceDate "2010.01.01"]

1. e4 e5 2. f4 d6 3. Nf3 Bg4 4. Bc4 Nc6 5. c3 f5 6. Qb3 Qe7 7. Qxb7 Rb8 8.
Qxc6+ Qd7 9. Qxd7+ Kxd7 10. fxe5 Bxf3 11. e6+ Ke8 12. gxf3 fxe4 13. fxe4 Nf6
14. d3 c6 15. Bb3 Be7 16. Be3 Rb7 17. Nd2 Ng4 18. Bd4 Bh4+ 19. Ke2 Rf8 20. Rhf1
Nxh2 21. Rxf8+ Kxf8 22. Rh1 Bg3 23. Nf1 Nxf1 24. Rxf1+ Ke8 25. e5 dxe5 26. Bc5
Bf4 27. d4 g5 28. Kd3 h5 29. Ba4 Rc7 30. d5 h4 31. Ke4 h3 32. Bd6 Rh7 33. Bxc6+
1-0

[Event "ENCI Limburg-open B"]
[Site "Maastricht"]
[Date "2008.05.10"]
[Round "3"]
[White "Schwanke, Enno"]
[Black "Boele, Martijn"]
[Result "0-1"]
[WhiteElo "1399"]
[BlackElo "1860"]
[PlyCount "110"]
[EventDate "2008.05.09"]
[EventType "swiss"]
[EventRounds "7"]
[EventCountry "NED"]
[Source "P.Boonen"]
[SourceDate "2010.01.01"]

1. d4 Nf6 2. c4 g6 3. Nc3 d6 4. Nf3 Bg7 5. e4 Nbd7 6. Bg5 O-O 7. Bd3 e5 8. Qd2
c5 9. d5 a6 10. a4 Rb8 11. Bh6 Nb6 12. h3 Qe7 13. Qg5 Re8 14. Bxg7 Kxg7 15. Qh4
Nh5 16. a5 Qxh4 17. Nxh4 Nf4 18. Bf1 Na8 19. g3 Nh5 20. Bg2 Bd7 21. O-O g5 22.
Nf5+ Bxf5 23. exf5 h6 24. Bf3 Nf6 25. Be2 Re7 26. f3 Rd8 27. Ne4 Nc7 28. Nxf6
Kxf6 29. Bd3 Rb8 30. b3 b6 31. Bc2 Ree8 32. g4 Rb7 33. Rfb1 Reb8 34. Kf2 b5 35.
Ke3 bxc4 36. bxc4 Rb4 37. Kd3 e4+ 38. Kc3 Rxb1 39. Rxb1 Rc8 40. Re1 exf3 41.
Be4 f2 42. Rf1 Ke5 43. Bc2 Kf4 44. Rxf2+ Kg3 45. Re2 Re8 46. Rxe8 Nxe8 47. Ba4
Nc7 48. Bb5 Kxh3 49. Bxa6 Nxa6 50. Kb3 Kxg4 51. Ka4 Nc7 52. a6 Nxa6 53. Kb5 Nb4
54. Kb6 Kxf5 55. Kc7 Ke5 0-1

[Event "ENCI Limburg-open B"]
[Site "Maastricht"]
[Date "2008.05.10"]
[Round "3"]
[White "Sharifi Shamili, Ashkan"]
[Black "Loose, Rob"]
[Result "0-1"]
[WhiteElo "1356"]
[BlackElo "1859"]
[PlyCount "24"]
[EventDate "2008.05.09"]
[EventType "swiss"]
[EventRounds "7"]
[EventCountry "NED"]
[Source "P.Boonen"]
[SourceDate "2010.01.01"]

1. e4 e5 2. Nf3 Nc6 3. Bc4 Nf6 4. Ng5 Bc5 5. Bxf7+ Ke7 6. Bb3 d6 7. Nf7 Qf8 8.
Nxh8 Bxf2+ 9. Kxf2 Nxe4+ 10. Ke3 Qf2+ 11. Kd3 Qd4+ 12. Ke2 Bg4+ 0-1

[Event "ENCI Limburg-open B"]
[Site "Maastricht"]
[Date "2008.05.10"]
[Round "3"]
[White "Slangen Knuit, Dien"]
[Black "Johnen, Franz"]
[Result "0-1"]
[WhiteElo "1297"]
[BlackElo "1587"]
[PlyCount "78"]
[EventDate "2008.05.09"]
[EventType "swiss"]
[EventRounds "7"]
[EventCountry "NED"]
[Source "P.Boonen"]
[SourceDate "2010.01.01"]

1. d4 c6 2. c4 d5 3. e3 Nf6 4. b3 e6 5. Nc3 Bb4 6. Bb2 Ne4 7. Rc1 Qa5 8. Nge2
Qxa2 9. Qc2 Qa5 10. f3 Nxc3 11. Nxc3 O-O 12. Bd3 f5 13. O-O Nd7 14. e4 dxe4 15.
fxe4 Nf6 16. exf5 exf5 17. Bxf5 Qd8 18. Ne2 Qe7 19. Kh1 g6 20. Bd3 Bg4 21. c5
Nd5 22. Ng3 Ne3 23. Qb1 Nxf1 24. Bc4+ Be6 25. Nxf1 Bd5 26. Qc2 Rad8 27. Bxd5+
Rxd5 28. Qc4 Rf2 29. Qxb4 Rxb2 30. Re1 Re2 31. Ra1 b6 32. Rc1 b5 33. Qc3 Qg5
34. Ng3 Re3 35. Qa1 a5 36. Rf1 Qh6 37. Qxa5 Re8 38. Ne4 Rf5 39. Nd6 Rxf1# 0-1

[Event "ENCI Limburg-open B"]
[Site "Maastricht"]
[Date "2008.05.10"]
[Round "3"]
[White "Smit, Melvin"]
[Black "Arns, Danny"]
[Result "1-0"]
[WhiteElo "1678"]
[BlackElo "1298"]
[PlyCount "33"]
[EventDate "2008.05.09"]
[EventType "swiss"]
[EventRounds "7"]
[EventCountry "NED"]
[Source "P.Boonen"]
[SourceDate "2010.01.01"]

1. d4 e6 2. Nf3 d5 3. e3 c5 4. b3 Nc6 5. Bd3 Nf6 6. O-O Bd6 7. Bb2 O-O 8. Ne5
Bxe5 9. dxe5 Nd7 10. f4 Qh4 11. Rf3 Qg4 12. Bxh7+ Kh8 13. Bd3 Kg8 14. a3 b6 15.
Qe1 Bb7 16. Rg3 Qh4 17. Rxg7+ 1-0

[Event "ENCI Limburg-open B"]
[Site "Maastricht"]
[Date "2008.05.10"]
[Round "3"]
[White "Sofic, Narcis"]
[Black "Laan, Kart"]
[Result "1/2-1/2"]
[WhiteElo "1882"]
[BlackElo "1541"]
[PlyCount "84"]
[EventDate "2008.05.09"]
[EventType "swiss"]
[EventRounds "7"]
[EventCountry "NED"]
[Source "P.Boonen"]
[SourceDate "2010.01.01"]

1. c4 e5 2. Nc3 Nf6 3. g3 Nc6 4. Bg2 Bc5 5. d3 d6 6. Nf3 Bf5 7. Bg5 Bb4 8. O-O
Bxc3 9. bxc3 O-O 10. Nd2 h6 11. Bxf6 Qxf6 12. Ne4 Qe6 13. Rb1 Rab8 14. Nd2 Bh3
15. e4 Bxg2 16. Kxg2 f5 17. f3 g5 18. Qb3 h5 19. c5 Qxb3 20. Nxb3 h4 21. d4 f4
22. g4 b6 23. d5 Na5 24. Nxa5 bxa5 25. c6 Rb6 26. Rb3 Rfb8 27. Rfb1 Kf7 28. Kf2
Ke7 29. Ke2 Kd8 30. Kd3 Kc8 31. Kc4 a6 32. Kd3 Rb5 33. Rxb5 axb5 34. a4 bxa4
35. Ra1 Rb2 36. Rxa4 Rxh2 37. Rxa5 Kb8 38. Rb5+ Kc8 39. Ra5 Rb2 40. Ra8+ Rb8
41. Ra2 Rb1 42. Ra8+ Rb8 1/2-1/2

[Event "ENCI Limburg-open B"]
[Site "Maastricht"]
[Date "2008.05.10"]
[Round "3"]
[White "Spoelstra, Henri"]
[Black "Klokgieters, Dick"]
[Result "1-0"]
[WhiteElo "1739"]
[BlackElo "1523"]
[PlyCount "57"]
[EventDate "2008.05.09"]
[EventType "swiss"]
[EventRounds "7"]
[EventCountry "NED"]
[Source "P.Boonen"]
[SourceDate "2010.01.01"]

1. d4 d5 2. Bf4 Nf6 3. Nf3 Nc6 4. h3 e6 5. e3 Bd6 6. Ne5 Bxe5 7. dxe5 Ng8 8.
Qg4 g6 9. Bb5 h6 10. O-O Bd7 11. Na3 g5 12. Bg3 Qe7 13. c3 a6 14. Bd3 O-O-O 15.
b4 h5 16. Qe2 Nb8 17. Nc2 f5 18. exf6 Qxf6 19. a4 e5 20. Na3 Bxa4 21. b5 e4 22.
Bc2 Bxc2 23. Nxc2 Ne7 24. Nb4 g4 25. bxa6 bxa6 26. Nxa6 Nec6 27. Nc5 gxh3 28.
Ra8 hxg2 29. Qa6# 1-0